000 00682nam a22002297a 4500
003 UA-OsUOA
001 116143
007 ta
008 20160210b un ||||| |||| 00| 0 ukr d
100 _aЛуцків О.М.
700 _aМаксимчук М.В.
090 _a330(477)
_bЛ86
942 _cSA
040 _aUA-OsUOA
_bukr
_cUA-OsUOA
_dUA-OsUOA
245 _aМоделювання структурних змін в економіці регіону
300 _aС.13-27
955 _a0
041 _aukr
080 _a330(477)
773 0 _w116141
_tРегіональна економіка
_dЛьвів
_d2015
_g4
650 7 _a330 Економіка взагалі
_2UDC
999 _c401960
_d401960